A Wakening And To Let (Record no. 1238491)

MARC details
000 -LEADER
fixed length control field 00491nam a2200193Ia 4500
008 - FIXED-LENGTH DATA ELEMENTS--GENERAL INFORMATION
fixed length control field 151121s9999||||xx |||||||||||||| ||und||
082 ## - DEWEY DECIMAL CLASSIFICATION NUMBER
Classification number 823/GAL
082 ## - DEWEY DECIMAL CLASSIFICATION NUMBER
Item number HNW-55666
100 ## - MAIN ENTRY--PERSONAL NAME
Personal name Galsworthy John
245 #2 - TITLE STATEMENT
Title A Wakening And To Let
260 ## - PUBLICATION, DISTRIBUTION, ETC. (IMPRINT)
Name of publisher, distributor, etc "W। Collins Sons & Co। Ltd।, London"
260 ## - PUBLICATION, DISTRIBUTION, ETC. (IMPRINT)
Date of publication, distribution, etc --
300 ## - PHYSICAL DESCRIPTION
Extent 270
600 ## - SUBJECT ADDED ENTRY--PERSONAL NAME
Personal name Galsworthy John
630 ## - SUBJECT ADDED ENTRY--UNIFORM TITLE
Uniform title A Wakening And To Let
700 ## - ADDED ENTRY--PERSONAL NAME
Personal name Galsworthy John
730 ## - ADDED ENTRY--UNIFORM TITLE
Uniform title A Wakening And To Let
942 ## - ADDED ENTRY ELEMENTS (KOHA)
Koha item type Book
Holdings
Withdrawn status Lost status Damaged status Not for loan Home library Current library Date acquired Cost, normal purchase price Total Checkouts Full call number Barcode Date last seen Cost, replacement price Price effective from Koha item type
        Hirachand Nemchand Wachanalaya, Solapur Hirachand Nemchand Wachanalaya, Solapur 11/21/2015 275.00   HNW-55666 HNW-55666 11/21/2015 275.00 11/21/2015 Book